[Event "AUTO-OPEN-2163"]
[Site "http://www.queenalice.com/game.php?id=857721"]
[Date "2010.11.11"]
[Round "1"]
[White "IgorSoares"]
[Black "HILITO"]
[Result "0-1"]
[WhiteElo "1241"]
[BlackElo "2106"]

1. c4 c6 2. e4 d5 3. exd5 cxd5 4. cxd5 Qxd5 5. Nc3 Qa5 6. Bb5+ Bd7 7. Bxd7+ Nxd7
8. Qf3 Qb6 9. a4 Ngf6 10. d4 e6 11. Bg5 Bb4 12. Rc1 O-O 13. Ke2 Qxd4 14. Rd1
Qe5+ 15. Kf1 Qxg5 16. Qxb7 Bxc3 17. Rxd7 Nxd7 18. Nf3 Qc1+ 19. Ke2 Qxh1 20. bxc3
Nf6 21. Nd4 Nd5 22. Nc6 Nf4+ 23. Ke3 Nxg2+ 24. Kd4 Qd1+ 25. Kc4 Qd5+ 26. Kb4
Rab8 27. Ne7+ Kh8 28. Ka3 Qc5+ 29. Kb2 Rxb7+ 30. Kc2 Qxf2+ 31. Kd3 Rd8+ 32. Kc4
Rc7+ 33. Kb5 Qb6# 0-1

[Event "AUTO-OPEN-2163"]
[Site "http://www.queenalice.com/game.php?id=857722"]
[Date "2010.11.11"]
[Round "1"]
[White "HILITO"]
[Black "IgorSoares"]
[Result "1-0"]
[WhiteElo "2107"]
[BlackElo "1239"]

1. e4 e5 2. Nf3 Nc6 3. Bb5 Nf6 4. O-O a6 5. Ba4 b5 6. Bb3 Nxe4 7. Bd5 f5 8. Bxc6
dxc6 9. Nxe5 Bc5 10. Qh5+ g6 11. Nxg6 hxg6 12. Qxh8+ Ke7 13. Qg7+ Ke8 14. Qxg6+
Kf8 15. d3 Qe8 16. Qxe8+ Kxe8 17. dxe4 fxe4 18. Nc3 Bf5 19. Bf4 Kd8 20. Rad1+
Ke8 21. Rfe1 b4 22. Nxe4 Bb6 23. Nd6+ Kd7 24. Nxf5+ Kc8 25. Re8+ Kb7 26. Rxa8
Kxa8 27. h4 c5 28. h5 c4 29. h6 c3 30. b3 a5 31. h7 a4 32. h8=Q+ Kb7 33. Ne7
axb3 34. Qc8+ Ka7 35. Nc6# 1-0

[Event "Let's Play Chess!"]
[Site "http://www.queenalice.com/game.php?id=858288"]
[Date "2010.11.13"]
[Round "-"]
[White "IgorSoares"]
[Black "vitorhugo69"]
[Result "0-1"]
[WhiteElo "1125"]
[BlackElo "1291"]

1. d4 d5 2. Nc3 Nf6 3. e3 Nc6 4. Bb5 Bd7 5. Bxc6 Bxc6 6. f3 g6 7. e4 dxe4 8.
fxe4 Nxe4 9. Nxe4 Bxe4 10. Nh3 Bxg2 11. Nf2 Bxh1 12. Nxh1 Qd5 13. Nf2 Bg7 14.
Be3 Rd8 15. c3 f5 16. Nh3 Rf8 17. Nf4 Qh1+ 18. Kf2 Qxh2+ 19. Kf3 Rd6 20. Qa4+ c6
21. Qxa7 Qxb2 22. Rc1 Bh6 23. Nd3 Qh2 24. Qb8+ Kf7 25. Qxb7 Bxe3 26. Kxe3 Re6+
27. Kf3 Re2 28. Re1 Qg2+ 29. Kf4 Qg4# 0-1

[Event "QueroPerderDenovo"]
[Site "http://www.queenalice.com/game.php?id=859901"]
[Date "2010.11.17"]
[Round "-"]
[White "welf"]
[Black "IgorSoares"]
[Result "1-0"]
[WhiteElo "1329"]
[BlackElo "1235"]

1. f4 e6 2. c4 Bd6 3. e3 Bb4 4. a3 Bd6 5. d3 h6 6. Nf3 g5 7. h4 gxf4 8. exf4 a6
9. b3 b5 10. Bb2 f6 11. g3 Bb7 12. Bg2 Ne7 13. Bxf6 Rg8 14. b4 Rxg3 15. Rh2 Qc8
16. Nd4 Ng6 17. Qh5 Bxg2 18. Ra2 c5 19. Ne2 Bf3 20. Nxg3 Bxh5 21. Nxh5 Bxf4 22.
Rhg2 Nxh4 23. Rg8+ Kf7 24. Rxc8 Ng2+ 25. Kf1 Ne3+ 26. Kf2 d5 27. bxc5 dxc4 28.
Rc7+ Kg6 29. Nxf4+ Kxf6 30. Kxe3 Ke5 31. Ng6+ Kf5 32. Ne7+ Kg4 33. Rg2+ Kh3 34.
Rg8 a5 35. Kf3 cxd3 36. Rh8 Kh2 37. Rxh6+ Kg1 38. Rxe6 Ra6 39. Nc6 b4 40. Re1+
Kh2 41. Rh7# 1-0

[Event "QueroPerderDenovo"]
[Site "http://www.queenalice.com/game.php?id=859910"]
[Date "2010.11.17"]
[Round "-"]
[White "student"]
[Black "IgorSoares"]
[Result "0-1"]
[WhiteElo "1830"]
[BlackElo "1211"]

1. e4 d6 2. d4 Nf6 3. Bd3 Nc6 4. d5 Nb4 5. Nf3 Bg4 6. O-O c6 7. c4 cxd5 8. cxd5
Rc8 9. Bb5+ Nd7 10. Nc3 e6 11. a3 a6 12. Bxd7+ Qxd7 13. axb4 exd5 14. Nxd5 Qb5
15. Be3 Bxf3 16. Qxf3 a5 17. Rxa5 Qd3 18. Rd1 Qb3 19. Qe2 Rc2 20. Qb5+ Rc6 21.
Qxb7 Qxd1# 0-1

[Event "Challenge"]
[Site "http://www.queenalice.com/game.php?id=860736"]
[Date "2010.11.19"]
[Round "-"]
[White "welf"]
[Black "IgorSoares"]
[Result "1-0"]
[WhiteElo "1362"]
[BlackElo "1223"]

1. f4 Nc6 2. g3 d5 3. c3 Nf6 4. d4 Bf5 5. Bg2 Bxb1 6. Rxb1 h6 7. e3 b5 8. b3 b4
9. c4 dxc4 10. Bxc6+ Nd7 11. Bxa8 Qxa8 12. bxc4 Qxh1 13. Kf1 Nf6 14. Rxb4 Kd7
15. Qa4+ c6 16. Rb7+ Kd6 17. Qa5 Ne4 18. Ba3+ c5 19. Qc7+ Ke6 20. Qe5# 1-0

[Event "Challenge"]
[Site "http://www.queenalice.com/game.php?id=860737"]
[Date "2010.11.19"]
[Round "-"]
[White "welf"]
[Black "IgorSoares"]
[Result "1-0"]
[WhiteElo "1432"]
[BlackElo "1318"]

1. e4 e6 2. Qf3 Nh6 3. b3 Bc5 4. Nh3 Nc6 5. Qf4 e5 6. Qf3 g5 7. Ng1 Nd4 8. Qc3
b6 9. Qc4 f5 10. Qd5 c6 11. Qxe5+ Ne6 12. Qxh8+ Bf8 13. Qxh7 fxe4 14. Qg6+ Nf7
15. Qxe4 d5 16. Qg6 Nf4 17. Qg8 Qe7+ 18. Be2 Nh6 19. Qh8 Kd7 20. Ba3 c5 21. Nc3
Bg7 22. Qh7 d4 23. Nb5 Ba6 24. O-O-O Kc6 25. c4 d3 26. Bf3+ Kd7 27. Bxa8 Ne2+
28. Nxe2 dxe2 29. Qd3+ Ke8 30. Nd6+ Kd7 31. Nf5+ Ke8 32. Nxe7 exd1=Q+ 33. Kxd1
Kxe7 34. Re1+ Kf7 35. Qd7+ Kg6 36. Qxa7 Bc8 37. Qxb6+ Kh5 38. Qxc5 Bg4+ 39. f3
Bf5 40. Qe7 Ng8 41. Qxg7 Nh6 42. Re5 Bd3 43. Rxg5+ Kh4 44. Qxh6# 1-0

[Event "Vai morrer denovo"]
[Site "http://www.queenalice.com/game.php?id=860742"]
[Date "2010.11.19"]
[Round "-"]
[White "IgorSoares"]
[Black "tiagotrevo"]
[Result "0-1"]
[WhiteElo "1272"]
[BlackElo "1404"]

1. e4 d6 2. Bc4 c6 3. Qf3 d5 4. Nc3 dxc4 5. e5 Be6 6. d4 cxd3 7. cxd3 Nd7 8. b4
Nxe5 9. Qf4 Nxd3+ 10. Kf1 Nxf4 11. Bxf4 Qd3+ 12. Nce2 g6 13. Nf3 Bc4 14. Rc1
Qxe2+ 15. Kg1 e6 16. Re1 Qd3 17. Ne5 Qc3 18. Rd1 Rd8 19. Rb1 Qc2 20. Re1 Rd1 21.
Nf3 Bxb4 22. g4 Bxe1 23. Kg2 Qxf2+ 24. Kh3 Qxf3+ 25. Bg3 Bxg3 26. Rxd1 Bf4+ 27.
Kh4 Qxd1 28. a3 Bf1 29. h3 Qe1# 0-1

[Event "Challenge"]
[Site "http://www.queenalice.com/game.php?id=861228"]
[Date "2010.11.20"]
[Round "-"]
[White "lorenzaassuncao"]
[Black "IgorSoares"]
[Result "0-1"]
[WhiteElo "1267"]
[BlackElo "1328"]

1. Nf3 e5 2. e4 Nf6 3. d3 Bb4+ 4. Ke2 b6 5. Nxe5 d6 6. Nc6 Nxc6 7. Bd2 Nd4+ 8.
Ke1 Bg4 9. Qc1 d5 10. e5 Bxd2+ 11. Kxd2 Nh5 12. h3 Qg5+ 13. f4 Qxf4+ 14. Ke1
Qxc1+ 15. Kf2 Be2 16. Bxe2 Qf4+ 17. Ke1 Ng3 18. Bf1 Nxh1 19. Nc3 Qf2+ 20. Kd1
Qxf1+ 21. Kd2 Qxa1 22. b3 O-O-O 23. b4 Qb2 24. g3 Qxc2+ 25. Ke3 Qxc3 26. a4 Nf5+
0-1

[Event "Challenge"]
[Site "http://www.queenalice.com/game.php?id=861343"]
[Date "2010.11.20"]
[Round "-"]
[White "IgorSoares"]
[Black "vautrien"]
[Result "0-1"]
[WhiteElo "1307"]
[BlackElo "1714"]

1. e4 e6 2. Nh3 d5 3. Nf4 dxe4 4. Nh3 Nf6 5. d4 exd3 6. Bxd3 b6 7. Ng5 Bb7 8.
Nc3 Be7 9. Nb5 a6 10. Nxe6 fxe6 11. Nd4 Bc8 12. Qf3 Qd5 13. Qe3 c5 14. Nxe6 Qxe6
15. Bg6+ hxg6 16. O-O Qxe3 17. fxe3 Bb7 18. b3 Nc6 19. e4 O-O 20. h3 Nxe4 21.
Re1 Nf6 22. Bg5 Rae8 23. a4 Bd8 24. c4 Rxe1+ 25. Rxe1 Nh5 26. Bc1 Nd4 27. Bb2
Nxb3 28. g4 Nf6 29. Rf1 Nh7 30. Rd1 Bh4 31. Rd7 Bf2+ 32. Kh2 Bd4 33. Bxd4 Nxd4
34. Rxb7 Rf6 35. h4 Nf8 36. g5 Re6 37. Ra7 a5 38. Ra6 Nd7 39. Ra8+ Kh7 40. Kh3
Ne5 41. Kg3 Nxc4 42. Kg4 Nb2 43. h5 gxh5+ 44. Kxh5 Nxa4 45. g6+ Rxg6 46. Kh4 Rc6
47. Re8 c4 48. Re4 Nf5+ 49. Kg5 Nh6 50. Re7 c3 51. Re3 c2 52. Re1 c1=Q+ 0-1

[Event "Challenge"]
[Site "http://www.queenalice.com/game.php?id=862109"]
[Date "2010.11.21"]
[Round "-"]
[White "lorenzaassuncao"]
[Black "IgorSoares"]
[Result "0-1"]
[WhiteElo "1282"]
[BlackElo "1313"]

1. Nf3 e5 2. e4 g5 3. Nxe5 Bc5 4. Bc4 d5 5. Bxd5 Qf6 6. Ng4 Nh6 7. Nxf6+ Ke7 8.
e5 Rd8 9. Nxh7 Rxd5 10. g3 Rxe5+ 11. Kf1 Bg4 12. h3 Bxd1 13. h4 Be2+ 14. Kg1
gxh4 15. gxh4 Rf5 16. d3 Bxf2+ 17. Kh2 Ng4+ 18. Kg2 Bf3+ 19. Kf1 Bxh1 20. Nc3
Bxh4+ 21. Kg1 Nf2 22. Kf1 Nc6 23. Ne4 Nxd3+ 24. Kg1 Nf2 0-1

[Event "DormeNao"]
[Site "http://www.queenalice.com/game.php?id=866913"]
[Date "2010.12.3"]
[Round "-"]
[White "IgorSoares"]
[Black "student"]
[Result "0-1"]
[WhiteElo "1272"]
[BlackElo "1807"]

1. e4 e5 2. Nf3 d6 3. Ng5 Qxg5 4. d4 Qe7 5. dxe5 Qxe5 6. c4 Qxe4+ 7. Be3 Nf6 8.
c5 Nc6 9. cxd6 Bxd6 10. Nc3 Bb4 11. Bd3 Qxg2 12. Be4 Nxe4 13. Ke2 Bg4+ 14. Kd3
O-O-O+ 15. Bd4 Rxd4+ 16. Kc2 Bxd1+ 17. Raxd1 Qxf2+ 18. Kb3 Rxd1 19. Nxd1 Qf3+
20. Kc4 Qxh1 21. Ne3 Rd8 22. a3 Rd4+ 23. Kb5 a6+ 24. Ka4 b5+ 25. Kb3 Nd2+ 26.
Ka2 Qb1# 0-1

[Event "Challenge"]
[Site "http://www.queenalice.com/game.php?id=868211"]
[Date "2010.12.5"]
[Round "-"]
[White "IgorSoares"]
[Black "welf"]
[Result "0-1"]
[WhiteElo "1305"]
[BlackElo "1440"]

1. e4 e6 2. Nc3 b6 3. Qf3 Bb7 4. d4 Bc6 5. d5 exd5 6. exd5 Bb7 7. Nh3 Qe7+ 8.
Be2 c6 9. Bg5 f6 10. Bf4 Na6 11. d6 Qe6 12. O-O-O b5 13. a4 b4 14. Ne4 h6 15.
Bc4 Qxc4 16. Qh5+ g6 17. Qxg6+ Kd8 18. b3 Qe6 19. Rde1 c5 20. Bd2 Qe5 21. Nxc5
Qa1# 0-1

[Event "AUTO-BEG-439"]
[Site "http://www.queenalice.com/game.php?id=885149"]
[Date "2011.1.12"]
[Round "2"]
[White "IgorSoares"]
[Black "Flamengo"]
[Result "0-1"]
[WhiteElo "1340"]
[BlackElo "1711"]

1. e4 c5 2. Bc4 Nc6 3. Qf3 e6 4. Nh3 Nd4 5. Qd3 d6 6. b4 Bd7 7. Nc3 Be7 8. Bb5
Bxb5 9. Nxb5 Nxb5 10. Qxb5+ Qd7 11. Qe2 Nf6 12. bxc5 dxc5 13. Rb1 b6 14. e5 Nd5
15. Qf3 O-O 16. Ng5 Bxg5 17. d4 Bxc1 0-1

[Event "AUTO-BEG-439"]
[Site "http://www.queenalice.com/game.php?id=885150"]
[Date "2011.1.12"]
[Round "2"]
[White "Flamengo"]
[Black "IgorSoares"]
[Result "1-0"]
[WhiteElo "1709"]
[BlackElo "1342"]

1. e4 e5 2. Nf3 d6 3. d4 c5 4. d5 Nf6 5. Nc3 Bg4 6. Be2 Na6 7. Bxa6 Qa5 8. Bxb7
Rb8 9. Bc6+ Ke7 10. O-O Qb6 11. b3 Qb4 12. Bb2 g5 13. h3 Nxe4 14. Nxe4 Qxe4 15.
hxg4 h5 16. Nxg5 Qf4 17. Nh3 Qb4 18. gxh5 1-0